معجم تيمور الكبير فى الألفاظ العامية / (رقم التسجيلة. 179752)
[ عرض عادي ]
| 000 -LEADER | |
|---|---|
| fixed length control field | 01676namaa2200385 i 4500 |
| 003 - CONTROL NUMBER IDENTIFIER | |
| control field | EG-GICUC |
| 005 - DATE AND TIME OF LATEST TRANSACTION | |
| control field | 20260429125347.0 |
| 008 - FIXED-LENGTH DATA ELEMENTS--GENERAL INFORMATION | |
| fixed length control field | 260427m2002 ua |||jr|||| 000 0 ara d |
| 017 ## - COPYRIGHT OR LEGAL DEPOSIT NUMBER | |
| Copyright or legal deposit number | 2002 / 7472 |
| Assigning agency | دار الكتب والوثائق القومية (مصر) |
| 020 ## - INTERNATIONAL STANDARD BOOK NUMBER | |
| International Standard Book Number | 9771802143 |
| 040 ## - CATALOGING SOURCE | |
| Original cataloging agency | EG-GiCUC |
| Language of cataloging | ara |
| Transcribing agency | EG-GiCUC |
| Modifying agency | EG-GiCUC |
| Description conventions | rda |
| 043 ## - GEOGRAPHIC AREA CODE | |
| Geographic area code | f-ua--- |
| 082 04 - DEWEY DECIMAL CLASSIFICATION NUMBER | |
| Edition number | 21 |
| Classification number | 417.962 |
| Item number | T2479 |
| 092 04 - LOCALLY ASSIGNED DEWEY CALL NUMBER (OCLC) | |
| Edition number | 21 |
| Classification number | 417.962 |
| Item number | T2479 |
| 099 ## - LOCAL FREE-TEXT CALL NUMBER (OCLC) | |
| Classification number | 417.962 T2479 2002 |
| 100 1# - MAIN ENTRY--PERSONAL NAME | |
| Personal name | تيمور، أحمد، |
| Dates associated with a name | 1871-1930 |
| Relator term | مؤلف. |
| 245 1# - TITLE STATEMENT | |
| Title | معجم تيمور الكبير فى الألفاظ العامية / |
| Statement of responsibility, etc. | تأليف أحمد تيمور ؛ تحقيق حسين نصار. |
| 264 ## - PRODUCTION, PUBLICATION, DISTRIBUTION, MANUFACTURE, AND COPYRIGHT NOTICE | |
| Place of production, publication, distribution, manufacture | القاهرة (مصر) : |
| Name of producer, publisher, distributor, manufacturer | دار الكتب والوثائق القومية، |
| Date of production, publication, distribution, manufacture, or copyright notice | 2002- |
| 300 ## - PHYSICAL DESCRIPTION | |
| Extent | مجلدات 6 |
| Other physical details | ؛ |
| Dimensions | 29 سم |
| 336 ## - CONTENT TYPE | |
| Source | rdacontent |
| Content type term | text |
| 337 ## - MEDIA TYPE | |
| Source | rdamedia |
| Media type term | Unmediated |
| 338 ## - CARRIER TYPE | |
| Source | rdacarrier |
| Carrier type term | volume |
| 500 ## - GENERAL NOTE | |
| General note | المجلد السادس : كشاف / تخطيط دكتور حسين نصار ؛ صنعه صابر ادريس |
| 500 ## - GENERAL NOTE | |
| General note | متعدد الطبعات |
| 504 ## - BIBLIOGRAPHY, ETC. NOTE | |
| Bibliography, etc. note | يشتمل على ارجاعات ببليوجرافية وكشاف |
| 541 ## - IMMEDIATE SOURCE OF ACQUISITION NOTE | |
| Source of acquisition | د. جابر عصفور ؛ |
| Address | القاهرة ؛ |
| Method of acquisition | إهداء ؛ |
| Date of acquisition | 2024. |
| 650 17 - SUBJECT ADDED ENTRY--TOPICAL TERM | |
| Topical term or geographic name entry element | اللغة العربية |
| General subdivision | معاجم |
| Source of heading or term | qrmak |
| 650 17 - SUBJECT ADDED ENTRY--TOPICAL TERM | |
| Topical term or geographic name entry element | اللغة العربية |
| General subdivision | معاجم |
| -- | اللهجات |
| Geographic subdivision | مصر |
| Source of heading or term | qrmak |
| 651 1# - SUBJECT ADDED ENTRY--GEOGRAPHIC NAME | |
| Source of heading or term | qrmak |
| 700 1# - ADDED ENTRY--PERSONAL NAME | |
| Personal name | نصار، حسين |
| Relator term | معد. |
| -- | محقق. |
| 700 1# - ADDED ENTRY--PERSONAL NAME | |
| Personal name | ادريس، صابر |
| 710 2# - ADDED ENTRY--CORPORATE NAME | |
| Corporate name or jurisdiction name as entry element | دار الكتب والوثائق القومية، مركز تحقيق التراث |
| 905 ## - Cataloger and Reviser Names | |
| Cataloger Name | Aya Mohamed |
| 942 ## - ADDED ENTRY ELEMENTS (KOHA) | |
| Source of classification or shelving scheme | Dewey Decimal Classification |
| Koha item type | Reference |
| Edition | 21 |
| Suppress in OPAC | No |
| Withdrawn status | Lost status | Source of classification or shelving scheme | Damaged status | Not for loan | Home library | Current library | Date acquired | Inventory number | Total checkouts | Full call number | Barcode | Date last seen | Price effective from | Koha item type |
|---|---|---|---|---|---|---|---|---|---|---|---|---|---|---|
| Dewey Decimal Classification | Not for loan | المكتبة المركزبة الجديدة - جامعة القاهرة | قاعة المكتبات المهداة - الدور الرابع | 27.04.2026 | 175366 | 417.962 T2479 2002 v.1 Ref. J.U. | 01000100175366001 | 27.04.2026 | 27.04.2026 | Reference | ||||
| Dewey Decimal Classification | Not for loan | المكتبة المركزبة الجديدة - جامعة القاهرة | قاعة المكتبات المهداة - الدور الرابع | 27.04.2026 | 175366 | 417.962 T2479 2002 v.2 Ref. J.U. | 01000100175366002 | 27.04.2026 | 27.04.2026 | Reference | ||||
| Dewey Decimal Classification | Not for loan | المكتبة المركزبة الجديدة - جامعة القاهرة | قاعة المكتبات المهداة - الدور الرابع | 27.04.2026 | 175366 | 417.962 T2479 2002 v.3 Ref. J.U. | 01000100175366003 | 27.04.2026 | 27.04.2026 | Reference | ||||
| Dewey Decimal Classification | Not for loan | المكتبة المركزبة الجديدة - جامعة القاهرة | قاعة المكتبات المهداة - الدور الرابع | 27.04.2026 | 175366 | 417.962 T2479 2002 v.4 Ref. J.U. | 01000100175366004 | 27.04.2026 | 27.04.2026 | Reference | ||||
| Dewey Decimal Classification | Not for loan | المكتبة المركزبة الجديدة - جامعة القاهرة | قاعة المكتبات المهداة - الدور الرابع | 27.04.2026 | 175366 | 417.962 T2479 2002 v.5 Ref. J.U. | 01000100175366005 | 27.04.2026 | 27.04.2026 | Reference | ||||
| Dewey Decimal Classification | Not for loan | المكتبة المركزبة الجديدة - جامعة القاهرة | قاعة المكتبات المهداة - الدور الرابع | 27.04.2026 | 175366 | 417.962 T2479 2002 v.6 Index Ref. J.U. | 01000100175366006 | 27.04.2026 | 27.04.2026 | Reference |